Capitales mondiales par une seule indice #2 - Statistiques

Statistiques générales
  • Ce quiz a été pris 267 fois
  • Le résultat moyen est 8 sur 20
Statistiques - réponses
pays indice capitale % Correct
Allemagne Divisé par un mur jusqu'en 1989 Berlin
100%
Espagne Accueil du club de football professionnel le plus performant d'Europe Madrid
75%
Danemark Hans Christian Andersen a vécu ici Copenhague
66%
Irlande D'où vient la bière Guinness Dublin
66%
Singapour Ville-état avec une population de 5,6 millions Singapour
57%
Egypte Deuxième région métropolitaine la plus peuplée d'Afrique Le Caire
53%
Népal Les grimpeurs de Everest volent habituellement dans cette ville Katmandou
52%
Mongolie Cette ville asiatique est la capitale la plus froide du monde Oulan-Bator
43%
Pérou Fondée par Francisco Pizarro en 1535 Lima
40%
Chili Situé à 120 kilomètres à l'est de la ville portuaire de Valparaíso Santiago
40%
Venezuela Site de nombreuses manifestations contre Nicolas Maduro Caracas
35%
Monaco Est-ce que le plus milliardaire par habitant de toute capitale Monaco
28%
Canada Son nom vient de la langue algonquienne Ottawa
24%
Syrie Capitale du califat omeyyade de 661 à 750 Damas
21%
Ouganda Situé sur la côte nord du lac Victoria Kampala
20%
Pays-Bas La première capitale à avoir une bourse, fondée en 1602 Amsterdam
19%
Philippines Sa zone métropolitaine comprend la Quezon City Manille
17%
États Unis Basé sur un design de 1791 par l'architecte français Charles L'Enfant Washington
17%
Israël Capitale asiatique qui n'a pas une seule ambassade étrangère Jérusalem
9%
Panama Il a bordé un territoire des États-Unis de 1903 à 1979 Panama
6%
Aucun quiz correspondant
Distribution des résultats
% des personnes avec chaque résultat
Percentile par nombre de réponses
Votre historique - résultats
Vous n’avez pas pris ce quiz